Gaming Quiz

Random Gaming or Pokémon Quiz

Pokemon Default Names Quiz Stats

 Plays Quiz not verified by Sporcle

Challenge
Share
Tweet
Embed
Score 0/14 Timer 04:00
0 Plays Today
Game Protagonist % Correct
Red, Green, Blue, Firered and LeafgreenRed
97.8%
Red, Green, Blue, Firered and LeafgreenLeaf
91.3%
Ruby, Sapphire and EmeraldMay
87%
Gold, Silver, Crystal, Heartgold and SoulsilverEthan
83.3%
Diamond, Pearl and PlatinumDawn
75.4%
Ruby, Sapphire and EmeraldBrendan
73.9%
Gold, Silver, Crystal, Heartgold and SoulsilverKris
72.5%
Game Protagonist % Correct
Diamond, Pearl and PlatinumLucas
70.3%
Black and WhiteHilbert
63%
Black and WhiteHilda
63%
Gold, Silver, Crystal, Heartgold and SoulsilverLyra
52.9%
Pokemon Snap, Colosseum and XD: Gale of DarknessTodd Snap
33.3%
Pokemon Snap, Colosseum and XD: Gale of DarknessWes
29%
Pokemon Snap, Colosseum and XD: Gale of DarknessMichael
21%

You're not logged in!

Compare scores with friends on all Sporcle quizzes.
OR
Log In

You Might Also Like...

Show Comments

Extras

Top Quizzes Today


Score Distribution

Your Account Isn't Verified!

In order to create a playlist on Sporcle, you need to verify the email address you used during registration. Go to your Sporcle Settings to finish the process.

Report this User

Report this user for behavior that violates our Community Guidelines.

Details: